000
00333pab a2200157 454500
008
180718b2012 xxu||||| |||| 00| 0 eng d
100
_a
Koshy, Ninan
245
_a
Nato's legitimacy crisis
260
_c
2012
300
_a
p.31-33.
362
_a
2 Jun
650
_a
NATO
773
_a
Mainstream
908
_a
N
909
_a
96239
999
_c
96239
_d
96239